[Event "Hamar Ridabu School A"]
[Site "Hamar"]
[Date "2019.11.21"]
[Round "6"]
[White "Slettmoen, Markus"]
[Black "Ormasen, Odd Steinar"]
[Result "0-1"]
[WhiteElo "1698"]
[BlackElo "1772"]
[PlyCount "114"]
[EventDate "2019.09.05"]
[EventType "swiss"]
[EventRounds "7"]
[EventCountry "NOR"]
[SourceTitle "EXT 2024"]
[Source "ChessBase"]
[SourceDate "2023.10.10"]
[SourceVersion "1"]
[SourceVersionDate "2023.10.10"]
[SourceQuality "1"]

1. d4 Nf6 2. c4 c5 3. d5 b5 4. cxb5 a6 5. e4 Nxe4 6. Qf3 Qa5+ 7. Nc3 Nxc3 8. Bd2 axb5 9. a4 b4 10. bxc3 d6 11. Nh3 h6 12. cxb4 cxb4 13. Rc1 Bd7 14. Bb5 Bxb5 15. axb5 Nd7 16. 0-0 g6 17. Rb1 Bg7 18. Bxb4 Qa2 19. Bc3 0-0 20. Bxg7 Kxg7 21. Rfe1 Nf6 22. Rbd1 Ra3 23. Qe2 Qxe2 24. Rxe2 Nxd5 25. Rc2 Rb3 26. Kh1 Rxb5 27. Ng1 Rfb8 28. g3 Nf6 29. Rc7 R8b7 30. Rdc1 Ne4 31. Kg2 Kf6 32. R7c4 d5 33. Rc6+ e6 34. h4 Rb2 35. Nh3 Ra2 36. g4 g5 37. hxg5+ hxg5 38. Rd1 Ke5 39. Re1 Kf6 40. Re3 Kg6 41. Rc8 Nf6 42. Re5 Ne4 43. Rg8+ Kf6 44. Rexg5 Nxg5 45. Nxg5 d4 46. Kg3 Ke7 47. Rg7 Kf6 48. Rg8 Rc7 49. f3 Rd7 50. Nh7+ Ke7 51. Rg7 d3 52. g5 Kd8 53. Nf6 d2 54. Nxd7 d1Q 55. Nf6 Ra3 56. Rg8+ Kc7 57. Ng4 Qxf3+ 0-1

[Event "Hamar CC-ch A"]
[Site "Hamar"]
[Date "2019.04.04"]
[Round "6"]
[White "Ormasen, Odd Steinar"]
[Black "Bakken, Svein Arne"]
[Result "1-0"]
[WhiteElo "1774"]
[BlackElo "1424"]
[PlyCount "35"]
[EventDate "2019.02.21"]
[EventType "swiss"]
[EventRounds "9"]
[EventCountry "NOR"]
[SourceTitle "EXT 2024"]
[Source "ChessBase"]
[SourceDate "2023.10.10"]
[SourceVersion "1"]
[SourceVersionDate "2023.10.10"]
[SourceQuality "1"]

1. d4 Nf6 2. c4 e6 3. Nc3 Bb4 4. Qc2 d5 5. a3 Bxc3+ 6. bxc3 b6 7. cxd5 exd5 8. Nf3 Nbd7 9. Bg5 h6 10. Bh4 g5 11. Bg3 Ne4 12. e3 Nxg3 13. hxg3 c5 14. Qf5 Nf6 15. Qxg5 h5 16. Bb5+ Kf8 17. Ne5 Be6 18. Nc6 1-0

[Event "Hamar CC-ch A"]
[Site "Hamar"]
[Date "2019.03.21"]
[Round "4"]
[White "Ormasen, Odd Steinar"]
[Black "Kristiansen, Ole Jakob"]
[Result "1-0"]
[WhiteElo "1774"]
[BlackElo "1935"]
[PlyCount "97"]
[EventDate "2019.02.21"]
[EventType "swiss"]
[EventRounds "9"]
[EventCountry "NOR"]
[SourceTitle "EXT 2024"]
[Source "ChessBase"]
[SourceDate "2023.10.10"]
[SourceVersion "1"]
[SourceVersionDate "2023.10.10"]
[SourceQuality "1"]

1. e4 c5 2. Nf3 Nc6 3. d4 cxd4 4. Nxd4 e5 5. Nb5 d6 6. N1c3 a6 7. Na3 Nf6 8. Bg5 Be7 9. Bxf6 Bxf6 10. Nc4 Nd4 11. Nd5 b5 12. Ncb6 Rb8 13. Nxc8 Rxc8 14. c3 Ne6 15. a4 0-0 16. axb5 axb5 17. Bxb5 Rb8 18. Qa4 Nc5 19. Qc4 Nxe4 20. Qxe4 Rxb5 21. b4 Qc8 22. c4 Rb8 23. 0-0 Bg5 24. Ra7 f5 25. Qc2 f4 26. Rc7 Qd8 27. b5 f3 28. g3 Qe8 29. Kh1 Bd8 30. Rc6 Qd7 31. Rg1 Rc8 32. Rxc8 Qxc8 33. Qe4 Qc5 34. Ne3 Bb6 35. Rd1 Kh8 36. Qb7 Bc7 37. h4 Qb6 38. Qe4 Qc5 39. Ra1 g6 40. Ra8 Bd8 41. Kh2 Qb4 42. Ng4 Qc5 43. Qb7 h5 44. Ra7 Bc7 45. Ne3 Rf7 46. Qc8+ Kg7 47. Ra8 Kh6 48. Qh8+ Rh7 49. Nf5+ 1-0

[Event "Hamar CC-ch A"]
[Site "Hamar"]
[Date "2019.03.07"]
[Round "3"]
[White "Bjornstad, Niklas Eriksen"]
[Black "Ormasen, Odd Steinar"]
[Result "0-1"]
[WhiteElo "1519"]
[BlackElo "1774"]
[PlyCount "88"]
[EventDate "2019.02.21"]
[EventType "swiss"]
[EventRounds "9"]
[EventCountry "NOR"]
[SourceTitle "EXT 2024"]
[Source "ChessBase"]
[SourceDate "2023.10.10"]
[SourceVersion "1"]
[SourceVersionDate "2023.10.10"]
[SourceQuality "1"]

1. d4 Nf6 2. c4 g6 3. Nc3 Bg7 4. e4 d6 5. h3 0-0 6. f4 e5 7. Nf3 exd4 8. Nxd4 Re8 9. Bd3 Nxe4 10. Bxe4 f5 11. 0-0 fxe4 12. Re1 c6 13. Rxe4 Rxe4 14. Nxe4 d5 15. Nf3 Qe7 16. Ned2 Bf5 17. cxd5 Qc5+ 18. Kh2 Qxd5 19. Qb3 Qxb3 20. Nxb3 Nd7 21. Nbd4 Be4 22. Be3 Re8 23. Rd1 Bd5 24. Bg1 a6 25. b3 Nf6 26. f5 gxf5 27. Nxf5 Re2 28. Kg3 Nh5+ 29. Kh4 Nf4 30. Nxg7 Nxg2+ 31. Kg3 Kxg7 32. Bd4+ Kf8 33. Rf1 Ne3 34. Bxe3 Rxe3 35. Kf4 Rxf3+ 36. Rxf3 Bxf3 37. Kxf3 Kf7 38. Kf4 Kf6 39. a4 a5 40. Kg4 b5 41. Kf4 h5 42. h4 bxa4 43. bxa4 c5 44. Ke4 Ke6 0-1

[Event "Hamar op A"]
[Site "Hamar"]
[Date "2018.09.20"]
[Round "2"]
[White "Kristiansen, Ole Jakob"]
[Black "Ormasen, Odd Steinar"]
[Result "1/2-1/2"]
[WhiteElo "1977"]
[BlackElo "1771"]
[PlyCount "137"]
[EventDate "2018.09.06"]
[EventType "swiss"]
[EventRounds "7"]
[EventCountry "NOR"]
[SourceTitle "EXT 2024"]
[Source "ChessBase"]
[SourceDate "2023.10.10"]
[SourceVersion "1"]
[SourceVersionDate "2023.10.10"]
[SourceQuality "1"]

1. e4 e5 2. Nf3 Nf6 3. Nxe5 d6 4. Nf3 Nxe4 5. Nc3 Nxc3 6. bxc3 Be7 7. d4 0-0 8. Be2 Bf6 9. 0-0 Re8 10. Be3 Nc6 11. Rb1 Na5 12. c4 Bg4 13. Qd3 c6 14. Rfe1 b6 15. Nd2 Qd7 16. Ne4 Be7 17. Bxg4 Qxg4 18. Bd2 Nb7 19. Ng3 d5 20. cxd5 cxd5 21. Nf5 Bf8 22. Ne3 Qd7 23. Qb5 Rad8 24. Qxd7 Rxd7 25. Rb5 Red8 26. c3 Na5 27. Nf5 Nc4 28. Bf4 a6 29. Rbb1 b5 30. Re2 Rc8 31. Rbe1 Kh8 32. Ne7 Ra8 33. Nc6 f6 34. Nb8 Rd8 35. Re8 Rxe8 36. Rxe8 Kg8 37. Rd8 Kf7 38. Rxd5 Nb6 39. Rh5 g6 40. Rxh7+ Ke6 41. Rb7 Nd5 42. Bg3 Nxc3 43. Rb6+ Kf5 44. Nxa6 Ne2+ 45. Kf1 Nxd4 46. f3 Rc8 47. Bc7 b4 48. g4+ Kg5 49. Kg2 Re8 50. Nxb4 Bc5 51. Nd3 Bxb6 52. Bxb6 Nc6 53. Nf2 Ra8 54. Kg3 Kh6 55. Ne4 Kg7 56. Nc3 Ra3 57. Nd5 Rxa2 58. h4 Ra3 59. h5 Ne5 60. Ne3 gxh5 61. gxh5 Kh6 62. Ng4+ Kg5 63. Be3+ Kxh5 64. Nxf6+ Kg6 65. Nd5 Kf7 66. Kf4 Ng6+ 67. Ke4 Ra4+ 68. Bd4 Nf8 69. Nc3 1/2-1/2

[Event "Hamar CC-ch A"]
[Site "Hamar"]
[Date "2018.01.04"]
[Round "1"]
[White "Ormasen, Odd Steinar"]
[Black "Bakken, Svein Arne"]
[Result "1-0"]
[WhiteElo "1795"]
[BlackElo "1438"]
[PlyCount "99"]
[EventDate "2018.01.04"]
[EventType "swiss"]
[EventRounds "9"]
[EventCountry "NOR"]
[SourceTitle "EXT 2024"]
[Source "ChessBase"]
[SourceDate "2023.10.10"]
[SourceVersion "1"]
[SourceVersionDate "2023.10.10"]
[SourceQuality "1"]

1. d4 Nf6 2. Nf3 e6 3. Nc3 d5 4. Qd3 a6 5. e4 dxe4 6. Nxe4 Nxe4 7. Qxe4 Qd5 8. Bd3 Qxe4+ 9. Bxe4 g6 10. Bf4 Bd6 11. Bh6 Bf8 12. Bxf8 Rxf8 13. 0-0-0 c6 14. h4 Nd7 15. Ne5 Nf6 16. Bf3 Bd7 17. c3 Rd8 18. a4 Nd5 19. a5 f6 20. Nd3 Kf7 21. Nc5 Bc8 22. Rde1 Rd6 23. g3 Kg7 24. Bg4 f5 25. Bf3 h5 26. Nd3 Nf6 27. Re2 Re8 28. Rhe1 Nd7 29. Re3 Kf7 30. Bd1 Nf6 31. R3e2 Ne4 32. Rg1 Kg7 33. Bb3 c5 34. f3 cxd4 35. fxe4 dxc3 36. Nf2 cxb2+ 37. Kxb2 Red8 38. Rc1 b5 39. Rec2 Rd2 40. Rxd2 Rxd2+ 41. Rc2 Rd8 42. Rc7+ Kf6 43. Kc3 Ke5 44. Bc2 Bd7 45. Nd3+ Kd6 46. Ra7 Rc8+ 47. Kd2 fxe4 48. Rxa6+ Rc6 49. Rxc6+ Bxc6 50. Nf4 1-0

[Event "Hamar op A"]
[Site "Hamar"]
[Date "2017.10.19"]
[Round "4"]
[White "Brobakken, Jorgen"]
[Black "Ormasen, Odd Steinar"]
[Result "0-1"]
[WhiteElo "1424"]
[BlackElo "1783"]
[PlyCount "100"]
[EventDate "2017.09.07"]
[EventType "swiss"]
[EventRounds "7"]
[EventCountry "NOR"]
[SourceTitle "EXT 2024"]
[Source "ChessBase"]
[SourceDate "2023.10.10"]
[SourceVersion "1"]
[SourceVersionDate "2023.10.10"]
[SourceQuality "1"]

1. d4 Nf6 2. f4 c5 3. e3 b6 4. Nf3 e6 5. Bd3 Ba6 6. c3 Bxd3 7. Qxd3 d5 8. 0-0 Be7 9. Ne5 0-0 10. Rf3 Ne4 11. Nd2 f5 12. Rh3 Qe8 13. Qe2 Nd7 14. Nxd7 Qxd7 15. Qh5 h6 16. Nxe4 dxe4 17. g4 Qe8 18. Qxe8 Raxe8 19. gxf5 exf5 20. Bd2 Rd8 21. Rc1 c4 22. b3 b5 23. b4 a5 24. a3 axb4 25. cxb4 Ra8 26. Ra1 Ra6 27. Bc3 Kh7 28. Rg3 Rfa8 29. Kh1 Rxa3 30. Rag1 Bf6 31. Be1 R8a7 32. R3g2 Rxe3 33. Bf2 Rd3 34. d5 Rd7 35. d6 R3xd6 36. Bc5 Rd1 37. h3 Rxg1+ 38. Rxg1 Rd3 39. Kh2 Bd4 40. Rg2 Bxc5 41. bxc5 Rd5 42. c6 Rc5 43. Rb2 c3 44. Rb3 c2 45. c7 c1Q 46. c8Q Rxc8 47. Rxb5 Qxf4+ 48. Kg1 Rc1+ 49. Kg2 Qf3+ 50. Kh2 Rh1# 0-1

[Event "Hamar CC-ch A"]
[Site "Hamar"]
[Date "2017.04.20"]
[Round "8"]
[White "Kristiansen, Ole Jakob"]
[Black "Ormasen, Odd Steinar"]
[Result "0-1"]
[WhiteElo "1775"]
[BlackElo "1602"]
[PlyCount "58"]
[EventDate "2017.01.05"]
[EventType "swiss"]
[EventRounds "9"]
[EventCountry "NOR"]
[SourceTitle "EXT 2024"]
[Source "ChessBase"]
[SourceDate "2023.10.10"]
[SourceVersion "1"]
[SourceVersionDate "2023.10.10"]
[SourceQuality "1"]

1. e4 e6 2. d4 d5 3. Nd2 Nf6 4. e5 Nfd7 5. Bd3 c5 6. c3 Nc6 7. Ne2 Qb6 8. Nf3 cxd4 9. cxd4 Bb4+ 10. Kf1 f5 11. exf6 Nxf6 12. Bf4 0-0 13. a3 Be7 14. b4 Bd7 15. h4 Rac8 16. h5 Ng4 17. Bg3 e5 18. dxe5 Ncxe5 19. Ned4 Nxd3 20. Qxd3 Bf6 21. Rd1 Rc4 22. Ne2 Rfc8 23. h6 g6 24. Ng5 Bxg5 25. Qxd5+ Be6 26. Qxg5 Rf8 27. Qe7 Rxf2+ 28. Ke1 Rxe2+ 29. Kxe2 Qe3+ 0-1

[Event "Hamar CC-ch A"]
[Site "Hamar"]
[Date "2017.01.19"]
[Round "2"]
[White "Holm, Ragnar"]
[Black "Ormasen, Odd Steinar"]
[Result "1-0"]
[WhiteElo "2065"]
[BlackElo "1602"]
[PlyCount "35"]
[EventDate "2017.01.05"]
[EventType "swiss"]
[EventRounds "9"]
[EventCountry "NOR"]
[SourceTitle "EXT 2024"]
[Source "ChessBase"]
[SourceDate "2023.10.10"]
[SourceVersion "1"]
[SourceVersionDate "2023.10.10"]
[SourceQuality "1"]

1. c4 e5 2. Nc3 Bb4 3. Nd5 Bc5 4. e3 c6 5. d4 cxd5 6. dxc5 Qa5+ 7. Bd2 Qxc5 8. Rc1 Nc6 9. Nf3 d4 10. exd4 Nxd4 11. Nxd4 Qxd4 12. Be2 d6 13. 0-0 Qb6 14. c5 Qxb2 15. Bc3 Qxa2 16. Bb5+ Bd7 17. Bxd7+ Kxd7 18. Qxd6+ 1-0

[Event "Hamar Ridabu School-ch A"]
[Site "Hamar"]
[Date "2016.05.12"]
[Round "9"]
[White "Bakken, Svein Arne"]
[Black "Ormasen, Odd Steinar"]
[Result "0-1"]
[WhiteElo "1356"]
[BlackElo "1588"]
[PlyCount "66"]
[EventDate "2016.01.07"]
[EventType "swiss"]
[EventRounds "9"]
[EventCountry "NOR"]
[SourceTitle "EXT 2024"]
[Source "ChessBase"]
[SourceDate "2023.10.10"]
[SourceVersion "1"]
[SourceVersionDate "2023.10.10"]
[SourceQuality "1"]

1. e4 e5 2. Nf3 Nc6 3. Bb5 a6 4. Ba4 d6 5. 0-0 Bd7 6. c3 Nge7 7. d4 g6 8. d5 Nb8 9. Bxd7+ Nxd7 10. Ng5 h6 11. Nf3 Bg7 12. Re1 0-0 13. Nbd2 f5 14. Qc2 Nf6 15. c4 f4 16. g3 g5 17. Qd3 Ng6 18. Kf1 Qd7 19. Ke2 fxg3 20. hxg3 Qg4 21. Kd1 Rf7 22. Qe2 Raf8 23. Nh2 Qh3 24. Ndf1 Qg2 25. f3 Qh3 26. Ne3 Qxg3 27. Nf5 Qh3 28. Ng4 Nxg4 29. fxg4 Nf4 30. Bxf4 exf4 31. Kc2 f3 32. Qf2 Qxg4 33. Rh1 Qxe4+ 0-1

[Event "Hamar Ridabu School-ch A"]
[Site "Hamar"]
[Date "2016.04.07"]
[Round "7"]
[White "Ormasen, Odd Steinar"]
[Black "Wago, Anders"]
[Result "1-0"]
[WhiteElo "1588"]
[BlackElo "1670"]
[PlyCount "129"]
[EventDate "2016.01.07"]
[EventType "swiss"]
[EventRounds "9"]
[EventCountry "NOR"]
[SourceTitle "EXT 2024"]
[Source "ChessBase"]
[SourceDate "2023.10.10"]
[SourceVersion "1"]
[SourceVersionDate "2023.10.10"]
[SourceQuality "1"]

1. c4 e5 2. Nc3 Nf6 3. Nf3 Nc6 4. g3 Bc5 5. Bg2 0-0 6. 0-0 a6 7. d3 h6 8. a3 d6 9. b4 Ba7 10. Bb2 Bg4 11. h3 Bh5 12. Rc1 Qd7 13. Nd2 Rab8 14. Qa4 Nd4 15. Qxd7 Nxd7 16. Rfe1 f5 17. e3 Ne6 18. Nb3 Ng5 19. Nd2 f4 20. exf4 exf4 21. g4 Bg6 22. Re7 Ne5 23. Nce4 Rf7 24. Rxf7 Ngxf7 25. Bf1 Rd8 26. d4 Nf3+ 27. Nxf3 Bxe4 28. Nd2 Bg6 29. Re1 Kf8 30. Bg2 c6 31. Nf3 Bd3 32. c5 d5 33. Ne5 Nxe5 34. Rxe5 Bb8 35. Re1 Re8 36. Rxe8+ Kxe8 37. Bf3 Ke7 38. h4 Ke6 39. Bd1 Be4 40. f3 Bd3 41. Bc3 Bc7 42. Be1 g6 43. Kg2 h5 44. g5 Kf5 45. Bf2 a5 46. Kg1 axb4 47. axb4 Bd8 48. Kg2 Ke6 49. Be1 Kd7 50. Bc3 Kc8 51. Kf2 Kb8 52. Ke1 Ka7 53. Kd2 Bf5 54. Be2 Kb8 55. b5 Kc8 56. b6 Kd7 57. Kc1 Ke6 58. Bd2 Be7 59. Ba6 Kd7 60. Bxb7 Bd8 61. Bxf4 Bd3 62. Be5 Be2 63. f4 Bd3 64. Kd2 Bf5 65. Ba6 1-0

[Event "Hamar Ridabu School-ch A"]
[Site "Hamar"]
[Date "2016.02.18"]
[Round "4"]
[White "Ormasen, Odd Steinar"]
[Black "Ulekleiv, Jan Ivar"]
[Result "1-0"]
[WhiteElo "1588"]
[BlackElo "1548"]
[PlyCount "120"]
[EventDate "2016.01.07"]
[EventType "swiss"]
[EventRounds "9"]
[EventCountry "NOR"]
[SourceTitle "EXT 2024"]
[Source "ChessBase"]
[SourceDate "2023.10.10"]
[SourceVersion "1"]
[SourceVersionDate "2023.10.10"]
[SourceQuality "1"]

1. e4 c5 2. Nf3 g6 3. d4 cxd4 4. Nxd4 Nc6 5. Nc3 Bg7 6. Be3 Nf6 7. Bc4 0-0 8. Bb3 d6 9. f3 Bd7 10. Qd2 Rc8 11. Rd1 Ne5 12. 0-0 Nc4 13. Qc1 Nxe3 14. Qxe3 Qb6 15. Nd5 Nxd5 16. exd5 e5 17. dxe6 Bxe6 18. Qf2 Bxb3 19. axb3 Rfe8 20. c3 Rc5 21. b4 Rce5 22. Nb3 Re3 23. Na5 Qc7 24. Qh4 R8e5 25. Rfe1 Qb6 26. Kf1 Rh5 27. Qf2 Rxe1+ 28. Rxe1 Qb5+ 29. Qe2 Qxe2+ 30. Rxe2 b6 31. Re8+ Bf8 32. Nc6 Rxh2 33. Nxa7 Rh1+ 34. Kf2 Rb1 35. Nc8 Rxb2+ 36. Kg3 f5 37. Nxd6 Rd2 38. Nc4 Rd3 39. Nxb6 Kf7 40. Rc8 Bd6+ 41. Kh3 Rd1 42. g3 Ra1 43. f4 Rh1+ 44. Kg2 Rc1 45. Nc4 Be7 46. Ne5+ Ke6 47. b5 Bf6 48. c4 Bxe5 49. fxe5 Kxe5 50. b6 Rb1 51. c5 Ke6 52. Rc7 Rb5 53. b7 h5 54. c6 Kd6 55. Rc8 g5 56. b8Q+ Rxb8 57. Rxb8 Kxc6 58. Rg8 g4 59. Rg5 Kd6 60. Rxf5 Ke6 1-0

[Event "Hamar Ridabu School-ch A"]
[Site "Hamar"]
[Date "2016.01.21"]
[Round "2"]
[White "Slettmoen, Markus"]
[Black "Ormasen, Odd Steinar"]
[Result "0-1"]
[WhiteElo "1483"]
[BlackElo "1588"]
[PlyCount "102"]
[EventDate "2016.01.07"]
[EventType "swiss"]
[EventRounds "9"]
[EventCountry "NOR"]
[SourceTitle "EXT 2024"]
[Source "ChessBase"]
[SourceDate "2023.10.10"]
[SourceVersion "1"]
[SourceVersionDate "2023.10.10"]
[SourceQuality "1"]

1. d4 d5 2. Nf3 Nf6 3. Bf4 Nh5 4. Bg3 g6 5. e3 Bg7 6. Nbd2 0-0 7. c4 Nxg3 8. hxg3 Bg4 9. Qb3 Nd7 10. Qxb7 e5 11. dxe5 Nxe5 12. Nxe5 Bxe5 13. Qxd5 Qf6 14. Ne4 Qg7 15. f4 Bxb2 16. Rb1 Rad8 17. Qc6 Rfe8 18. Rxb2 Rd1+ 19. Kf2 Qxb2+ 20. Kg1 Rxf1+ 21. Kxf1 Qb1+ 22. Kf2 Qxe4 23. Qxe4 Rxe4 24. Rc1 Kf8 25. c5 Ke7 26. Rb1 Kd7 27. Rb7 Ra4 28. Rb2 Kc6 29. Ke1 Kxc5 30. Rb7 Kc6 31. Rb8 Rxa2 32. Rf8 Re2+ 33. Kf1 Rxe3 34. Rxf7 h5 35. Rf6+ Re6 36. Rf8 Kb7 37. Kg1 a5 38. Kh2 a4 39. f5 Bxf5 40. Rd8 a3 41. Rd4 a2 42. Rb4+ Rb6 43. Rc4 a1Q 44. Rxc7+ Kxc7 45. g4 Qe5+ 46. Kh3 Rb3+ 47. Kh4 Qg3+ 48. Kg5 Qxg4+ 49. Kh6 Qxg2 50. Kh7 h4 51. Kh6 h3 0-1

[Event "Hamar Ridabu School-ch A"]
[Site "Hamar"]
[Date "2016.01.07"]
[Round "1"]
[White "Ormasen, Odd Steinar"]
[Black "Soberg, Anders"]
[Result "1/2-1/2"]
[WhiteElo "1588"]
[BlackElo "1359"]
[PlyCount "102"]
[EventDate "2016.01.07"]
[EventType "swiss"]
[EventRounds "9"]
[EventCountry "NOR"]
[SourceTitle "EXT 2024"]
[Source "ChessBase"]
[SourceDate "2023.10.10"]
[SourceVersion "1"]
[SourceVersionDate "2023.10.10"]
[SourceQuality "1"]

1. e4 d6 2. d4 Nf6 3. Nc3 g6 4. Nf3 Bg7 5. Be2 0-0 6. 0-0 Nbd7 7. Bf4 c5 8. Bg5 cxd4 9. Nxd4 Qb6 10. Be3 Qxb2 11. Qd2 Qb4 12. Rab1 Qa5 13. Rb5 Qc7 14. f3 Ne5 15. Rb4 a6 16. a4 Bd7 17. Rfb1 Rab8 18. Nb3 Rfc8 19. Bd4 a5 20. Rb6 Nc6 21. Nb5 Qd8 22. Be3 Nb4 23. c4 Bh6 24. Bxh6 Qxb6+ 25. Be3 Qd8 26. Na7 Bxa4 27. Nxc8 Rxc8 28. Nxa5 Qxa5 29. Rxb4 b5 30. Qb2 bxc4 31. Qa3 Ra8 32. Bb6 Qa6 33. Bxc4 Bb5 34. Qxa6 Bxa6 35. Ra4 Bb7 36. Rxa8+ Bxa8 37. Kf2 d5 38. exd5 Bxd5 39. Bb5 e5 40. Bc7 e4 41. Be5 Nh5 42. fxe4 Bxe4 43. Bc4 Kf8 44. Bb3 Ke7 45. g3 Nf6 46. h3 Bf5 47. Kg2 Ne4 48. Bd5 Nf6 49. Bb3 Be4+ 50. Kf2 Nd5 51. Bxd5 Bxd5 1/2-1/2

[Event "Hamar Ridabu School-ch"]
[Site "Hamar"]
[Date "2015.03.05"]
[Round "5"]
[White "Ormasen, Odd Steinar"]
[Black "Kristiansen, Ole Jakob"]
[Result "1/2-1/2"]
[WhiteElo "1621"]
[BlackElo "1790"]
[PlyCount "110"]
[EventDate "2015.01.08"]
[EventType "swiss"]
[EventRounds "9"]
[EventCountry "NOR"]
[SourceTitle "EXT 2024"]
[Source "ChessBase"]
[SourceDate "2023.10.10"]
[SourceVersion "1"]
[SourceVersionDate "2023.10.10"]
[SourceQuality "1"]

1. e4 c5 2. Nf3 Nc6 3. d4 cxd4 4. Nxd4 e5 5. Nb5 d6 6. N1c3 a6 7. Na3 Nf6 8. Bg5 Be7 9. Bxf6 Bxf6 10. Nc4 Nd4 11. Nd5 b5 12. Ncb6 Rb8 13. Nxc8 Rxc8 14. c3 Ne6 15. a4 Rb8 16. axb5 axb5 17. Ra7 0-0 18. Be2 Nf4 19. 0-0 Re8 20. Bg4 Ne6 21. g3 Be7 22. Bxe6 fxe6 23. Nc7 Qd7 24. Qa1 Rec8 25. Nxb5 Rb7 26. Rxb7 Qxb7 27. Qa7 Rb8 28. b4 Qxa7 29. Nxa7 Bg5 30. Rd1 Rb6 31. b5 Rb7 32. h4 Bf6 33. Nc8 Rxb5 34. Nxd6 Rc5 35. Rb1 Kf8 36. Nb5 Bd8 37. Kf1 Ba5 38. Rb3 Ke7 39. Ke2 Kd7 40. Kd3 Kc6 41. Na3 Bc7 42. Nc2 Ra5 43. Ra3 Rxa3 44. Nxa3 Bb6 45. Ke2 Ba5 46. Nb1 Kb5 47. h5 Kc4 48. f4 exf4 49. gxf4 Bc7 50. f5 exf5 51. exf5 Kd5 52. Kf3 Ke5 53. Kg4 Ba5 54. h6 gxh6 55. Kh5 Bxc3 1/2-1/2

[Event "Hamar Ridabu School-ch"]
[Site "Hamar"]
[Date "2015.02.19"]
[Round "4"]
[White "Bakken, Svein Arne"]
[Black "Ormasen, Odd Steinar"]
[Result "0-1"]
[WhiteElo "1338"]
[BlackElo "1621"]
[PlyCount "58"]
[EventDate "2015.01.08"]
[EventType "swiss"]
[EventRounds "9"]
[EventCountry "NOR"]
[SourceTitle "EXT 2024"]
[Source "ChessBase"]
[SourceDate "2023.10.10"]
[SourceVersion "1"]
[SourceVersionDate "2023.10.10"]
[SourceQuality "1"]

1. e4 e6 2. d4 d5 3. exd5 exd5 4. Nf3 Nf6 5. Be2 Bd6 6. 0-0 0-0 7. Bg5 h6 8. Bh4 Bf5 9. Re1 Nbd7 10. Nbd2 c6 11. c3 Qc7 12. Bxf6 Nxf6 13. Nf1 Ne4 14. Ne3 Bg6 15. g3 f5 16. Nh4 Bh7 17. f4 g5 18. Nhg2 gxf4 19. Nxf4 Bxf4 20. gxf4 Qxf4 21. Ng2 Qg5 22. Bf3 Rae8 23. Rc1 Re7 24. Rc2 Rg7 25. Kh1 f4 26. Rce2 Qf5 27. Bxe4 dxe4 28. Rxe4 Qxe4 29. Rxe4 Bxe4 0-1

[Event "Hamar op A"]
[Site "Hamar"]
[Date "2014.11.06"]
[Round "7"]
[White "Jotun, Jan"]
[Black "Ormasen, Odd Steinar"]
[Result "1/2-1/2"]
[WhiteElo "1654"]
[BlackElo "1699"]
[PlyCount "48"]
[EventDate "2014.09.04"]
[EventType "tourn"]
[EventRounds "9"]
[EventCountry "NOR"]
[SourceTitle "EXT 2024"]
[Source "ChessBase"]
[SourceDate "2023.10.10"]
[SourceVersion "1"]
[SourceVersionDate "2023.10.10"]
[SourceQuality "1"]

1. d4 e6 2. c4 Nf6 3. Nc3 c5 4. d5 exd5 5. cxd5 d6 6. h3 g6 7. Bf4 Bg7 8. e3 a6 9. Be2 0-0 10. Nf3 b5 11. Bg5 Qb6 12. Nd2 Re8 13. 0-0 Nbd7 14. a4 b4 15. Nc4 Qc7 16. Nb1 Ne5 17. Bxf6 Bxf6 18. Nbd2 Bb7 19. f4 Nxc4 20. Nxc4 a5 21. Qd2 Ba6 22. Rae1 Bh4 23. Rc1 Qe7 24. Rf3 Bxc4 1/2-1/2

[Event "Hamar op A"]
[Site "Hamar"]
[Date "2014.09.25"]
[Round "3"]
[White "Ormasen, Odd Steinar"]
[Black "Kanstad, Jan Magnus"]
[Result "1/2-1/2"]
[WhiteElo "1699"]
[BlackElo "1370"]
[PlyCount "75"]
[EventDate "2014.09.04"]
[EventType "tourn"]
[EventRounds "9"]
[EventCountry "NOR"]
[SourceTitle "EXT 2024"]
[Source "ChessBase"]
[SourceDate "2023.10.10"]
[SourceVersion "1"]
[SourceVersionDate "2023.10.10"]
[SourceQuality "1"]

1. c4 g6 2. e4 Bg7 3. d4 b6 4. Nf3 Bb7 5. Nc3 e6 6. Bg5 Ne7 7. Be2 d6 8. 0-0 0-0 9. Qd2 Nd7 10. Rad1 c6 11. e5 d5 12. cxd5 cxd5 13. Nb5 f6 14. Bh6 Nf5 15. Bxg7 Kxg7 16. Rfe1 fxe5 17. Ng5 Rf6 18. dxe5 Nxe5 19. Bf1 h6 20. Rxe5 hxg5 21. Qxg5 a6 22. Nd4 Nxd4 23. Rxd4 Qd6 24. Re1 Rh8 25. h3 Rh5 26. Qc1 e5 27. Rd2 d4 28. Qc4 b5 29. Qd3 Qd5 30. Qb3 Qxb3 31. axb3 Bd5 32. b4 Bc4 33. g4 Rh4 34. Rxe5 Bxf1 35. Kxf1 Rxh3 36. Rxd4 Rb3 37. Re2 Rbf3 38. Kg2 1/2-1/2